Statistics for Guess that animal

Click here to take the quiz!

General Stats

  • This quiz has been taken 16 times
  • The average score is 12 of 15

Answer Stats

Answer% Correct
Cat
100%
Lion
100%
Horse
100%
Giraffe
93%
Bear
93%
Zebra
93%
Fish
87%
Leopard
80%
Monkey
80%
Dog
80%
Snake
80%
Flamingo
73%
Dolphin
53%
Kangaroo
53%
Hippopotamus
47%

Score Distribution

Percentile by Number Answered

Percent of People with Each Score

Your Score History

You have not taken this quiz